Acteurs par lettre : R - Statistiques

Statistiques générales
  • Ce quiz a été pris 67 fois
  • Le résultat moyen est 9 sur 15
Statistiques - réponses
Films / Séries Années Acteurs % Correct
Les Visiteurs / Le Grand Bleu 1948- Jean Reno
93%
Prodigieuses / Dans l'ombre des dunes 1979- Mélanie Robert
80%
La Tour Montparnasse infernale / H 1972- Ramzy
80%
Harry Potter / Jungle 1989- Daniel Radcliffe
76%
Pretty Woman / Coup de foudre à Notting Hill 1967- Julia Roberts
76%
Les Tuche / Petit Pays 1967- Jean-Paul Rouve
75%
Barbie / Le Loup de Wall Strees 1990- Margot Robbie
71%
Les Compères / La Chèvre 1934- Pierre Richard
69%
John Wick / Matrix 1964- Keanu Reeves
66%
L'Homme qui murmurait à l'oreille des chevaux / L'Arnaque 1936- Robert Redford
61%
Deadpool / Free Guy 1976- Ryan Reynolds
59%
Harry Potter : Piège de Cristal 1946-2016 Alan Rickman
34%
Tropiques criminelles / Un destin innatendu 1981- Sonia Rolland
7%
Bedtime for Bonzo / Les Aventuriers du Far West 1911-2004 Ronald Reagan
3%
C'est la crise / You Humour 1967- Anne Roumanoff
2%
Aucun quiz correspondant
Distribution des résultats
% des personnes avec chaque résultat
Percentile par nombre de réponses
Votre historique - résultats
Vous n’avez pas pris ce quiz